000
00301nam a22001217a 4500
008
171107b xxu||||| |||| 00| 0 eng d
041
_a
eng
080
_2
3RD
_a
330.722.6
100
_a
62
101
_a
KON
245
_a
MANAMGEMENT ACCOUNTING FOR HEALTHCARE ORGANIZATIONS
_c
SUVER,J.D
942
_2
udc
_c
BK
999
_c
37988
_d
37988